| 000 | 00719nam a2200229Ia 4500 | ||
|---|---|---|---|
| 003 | GCL | ||
| 008 | 140319s9999 xx 000 0 ara d | ||
| 040 |
_aGCL / _cGCL |
||
| 082 | 0 | 4 |
_a249.5 _bب ق |
| 100 | 1 | _aعائشة عبدالرحمن | |
| 245 | 1 | 0 |
_aقراءة فى وثائق البهائية / _cعائشة عبدالرحمن |
| 260 |
_a[S.N] : _bمركز الاهرام للترجمة والنشر ، _c1986 |
||
| 300 | _a358 ص | ||
| 490 | _a | ||
| 650 | 0 | 4 | _aالاسلام والشيوعية |
| 650 | 0 | 4 | _aالبهائية |
| 650 | 0 | 4 | _aالبابية |
| 650 | 0 | 4 | _aالفرق الاسلامية |
| 650 | 0 | 4 | _aالالحاد والملحدون |
| 650 | 0 | 4 | _aعلم الكلام |
| 942 |
_2ddc _cBK |
||
| 999 |
_c30818 _d30818 |
||